LEADER 01098nam a2200253 i 4500 001 000000230613 003 CaOOAMICUS 005 20140612000000.0 008 140612s1946 it u000 u ita u 013 $a209515 040 $aSeMil$bita 100 1 $aDi Maria, Leone .$0(OLS)http://semarc/name/64661 245 14$aUna formola di santità :$bproposta particolarmente alla gioventù studiosa e agli educatori /$cLeone Di Maria. 260 $aTorino :$bA. & C.,$c1946. 300 $a28 p. ;$c17 cm. 500 $aFondo card. Giovanni Colombo. 650 4$aGiovani - Educazione cristiana.$0(OLS)http://semarc/subject/4583 650 4$aGiovani - Formazione.$0(OLS)http://semarc/subject/41392 850 $aSeMil 852 $aSeMil$W1$xVenegono$y1$m3GC II 149$j180959$B180959$CSeMilBibl$Z2$F192721 $8B 941 1 $a3 961 $aLascito: Colombo Card. Giovanni 996 $6245$aUna formola di santità :$bproposta particolarmente alla gioventù studiosa e agli educatori$9(OLS)http://semarc/title/329482 996 $6260$aTorino :$bA. & C.$9(OLS)http://semarc/publisher/44971 LEADER 01009nam a2200229 i 4500 001 000000225035 003 CaOOAMICUS 005 20131119000000.0 008 131119s1966 xx u000 u fre u 013 $a203933 040 $aSeMil$bita 100 1 $aAuzou, Georges.$0(OLS)http://semarc/name/30400 245 13$aLa force de l'Esprit :$bétude du Livre des Juges /$cpar Georges Auzou. 260 $aParis :$bÉditions de l'Orante,$ccopyr. 1966. 300 $a343 p. ;$c20 cm. 490 0 $aConnaissance de la Bible 650 4$aBibbia. Antico testamento. Giudici - Commentari, studi, critica, interpretazioni.$0(OLS)http://semarc/subject/8800 830 0$aConnaissance de la Bible.$0(OLS)http://semarc/title/30829 850 $aSeMil 852 $aSeMil$W1$xVenegono$y1$m2W I 170$j175381$B175381$CSeMilBibl$Z2$F185351 $81 996 $6245$aLa force de l'Esprit :$bétude du Livre des Juges$9(OLS)http://semarc/title/322405 996 $6260$aParis :$bÉditions de l'Orante$9(OLS)http://semarc/publisher/35486